[Event "2. Torneio Aberto do Brasil - Fortaleza"]
[Site "Fortaleza BRA"]
[Date "2012.04.05"]
[Round "1.27"]
[White "Costa, Carlos Evanir"]
[Black "Monte, Edmar Ferreira"]
[Result "1-0"]
[WhiteElo "2217"]
[BlackElo "1704"]
[PlyCount "53"]
[EventDate "2012.04.05"]
[EventType "swiss"]
[EventRounds "7"]
[EventCountry "BRA"]
[Source "lmi"]
[SourceDate "2012.08.05"]

1. d4 Nf6 2. Nf3 e6 3. Bg5 Be7 4. e3 O-O 5. Bd3 d5 6. Nbd2 Nbd7 7. Qe2 h6 8.
Bh4 c5 9. c3 b6 10. Ne5 Bb7 11. f4 cxd4 12. exd4 Rc8 13. O-O Ne8 14. Nxd7 Qxd7
15. Bxe7 Qxe7 16. f5 Nf6 17. Rae1 Rc6 18. Qf3 Rd6 19. Qh3 Bc8 20. Rf3 Nh7 21.
Qg3 Qd8 22. f6 Ng5 23. h4 Nxf3+ 24. Nxf3 g6 25. Bxg6 Qxf6 26. Bd3+ Kh8 27. Qxd6
1-0

[Event "2. Torneio Aberto do Brasil - Fortaleza"]
[Site "Fortaleza BRA"]
[Date "2012.04.05"]
[Round "1.28"]
[White "Do Prado, Hamilton Mesquita"]
[Black "Mendonca, Mateus Nakajo"]
[Result "0-1"]
[WhiteElo "1700"]
[BlackElo "2216"]
[PlyCount "98"]
[EventDate "2012.04.05"]
[EventType "swiss"]
[EventRounds "7"]
[EventCountry "BRA"]
[Source "lmi"]
[SourceDate "2012.08.05"]

1. d4 Nf6 2. Nf3 g6 3. Bf4 Bg7 4. h3 O-O 5. e3 c5 6. c3 d5 7. Nbd2 Nbd7 8. Be2
b6 9. O-O Bb7 10. Re1 Rc8 11. a4 Ne4 12. a5 Nxd2 13. Nxd2 e5 14. dxe5 Nxe5 15.
axb6 axb6 16. Nf3 Nc4 17. Ra7 Ba8 18. Bxc4 dxc4 19. Qxd8 Rfxd8 20. e4 Re8 21.
e5 Bd5 22. Kf1 h6 23. h4 Ra8 24. Rea1 b5 25. R1a5 Rxa7 26. Rxa7 Ra8 27. Rxa8+
Bxa8 28. Ke2 Bf8 29. g4 b4 30. Ke3 Bd5 31. Nd2 b3 32. Ne4 Kg7 33. Bh2 Be7 34.
Bg3 Kf8 35. Kf4 Be6 36. f3 Bd5 37. Bf2 g5+ 38. hxg5 hxg5+ 39. Ke3 Ke8 40. Ke2
Bxe4 41. fxe4 Kd7 42. Bg3 Ke6 43. Kf3 Bd8 44. Ke3 Bc7 45. Kf3 Ba5 46. Bf2 Bxc3
47. Bxc5 Bxb2 48. Ke2 Kxe5 49. Bf8 Kxe4 0-1

[Event "2. Torneio Aberto do Brasil - Fortaleza"]
[Site "Fortaleza BRA"]
[Date "2012.04.05"]
[Round "1.29"]
[White "Guimaraes, Marcelo Cunha"]
[Black "Pastana, Rafael Pedroni"]
[Result "1-0"]
[WhiteElo "2216"]
[BlackElo "1677"]
[PlyCount "57"]
[EventDate "2012.04.05"]
[EventType "swiss"]
[EventRounds "7"]
[EventCountry "BRA"]
[Source "lmi"]
[SourceDate "2012.08.05"]

1. e4 c5 2. Nf3 Nc6 3. d4 cxd4 4. Nxd4 Nf6 5. Nc3 e5 6. Ndb5 d6 7. Bg5 a6 8.
Na3 b5 9. Bxf6 gxf6 10. Nd5 f5 11. Bd3 Be6 12. O-O Bxd5 13. exd5 Ne7 14. Re1
Bg7 15. c3 O-O 16. Qh5 Qd7 17. Rad1 Rac8 18. Nc2 Rc5 19. g3 e4 20. Bf1 Rxd5 21.
Rxd5 Nxd5 22. Bh3 Nf6 23. Qg5 h6 24. Qf4 d5 25. Ne3 Qc6 26. Nxf5 Kh7 27. Rd1
Qc5 28. Nxh6 Bxh6 29. Qxf6 1-0

[Event "2. Torneio Aberto do Brasil - Fortaleza"]
[Site "Fortaleza BRA"]
[Date "2012.04.05"]
[Round "1.30"]
[White "Araujo, Vitor Angelo Lima"]
[Black "Carvalho, Jose Jorge De"]
[Result "0-1"]
[WhiteElo "1665"]
[BlackElo "2190"]
[PlyCount "90"]
[EventDate "2012.04.05"]
[EventType "swiss"]
[EventRounds "7"]
[EventCountry "BRA"]
[Source "lmi"]
[SourceDate "2012.08.05"]

1. d4 Nf6 2. c4 c6 3. Nf3 d5 4. Nc3 e6 5. cxd5 exd5 6. Bg5 Be7 7. e3 Bf5 8. Bd3
Bxd3 9. Qxd3 Qb6 10. Rb1 Nbd7 11. O-O O-O 12. Ne5 Bd6 13. Qf5 Qc7 14. Nf3 Rae8
15. Rfc1 Qb8 16. b4 b5 17. Ne2 Qb7 18. Qc2 Rc8 19. Bf4 Bxf4 20. Nxf4 Rfe8 21.
Nd3 Nb6 22. Nc5 Qe7 23. Ne5 Nc4 24. Nxc4 dxc4 25. Re1 Ra8 26. a4 Qd6 27. h3 Nd5
28. a5 Re7 29. e4 Rae8 30. e5 Qh6 31. Ne4 Rd8 32. Nd6 Re6 33. Qf5 Qg6 34. Qf3
Rd7 35. h4 h5 36. Ne4 Re8 37. Ng3 Qg4 38. Qxg4 hxg4 39. Ne4 Ree7 40. Nd6 Re6
41. Nf5 Kf8 42. Ne3 Nc3 43. Rbc1 Na2 44. Rcd1 Nxb4 45. Nxg4 Nd3 0-1

[Event "2. Torneio Aberto do Brasil - Fortaleza"]
[Site "Fortaleza BRA"]
[Date "2012.04.05"]
[Round "1.31"]
[White "De Andrade, Roberto Luis Costa"]
[Black "Marino, Felipe Gabriel"]
[Result "1-0"]
[WhiteElo "2186"]
[BlackElo "1616"]
[PlyCount "51"]
[EventDate "2012.04.05"]
[EventType "swiss"]
[EventRounds "7"]
[EventCountry "BRA"]
[Source "lmi"]
[SourceDate "2012.08.05"]

1. e4 e6 2. d4 d5 3. Nc3 Nf6 4. Bg5 Be7 5. e5 Nfd7 6. h4 a6 7. Qh5 c5 8. Bxe7
Qxe7 9. Nf3 Nc6 10. O-O-O cxd4 11. Ne2 g6 12. Qh6 Qf8 13. Qf4 Qg7 14. h5 h6 15.
hxg6 fxg6 16. Nexd4 Ndxe5 17. Nxe5 Qxe5 18. Qxe5 Nxe5 19. Re1 Nc6 20. Nxe6 Kf7
21. Nc7 Rb8 22. Nxd5 Be6 23. Nc7 Bxa2 24. b3 Nb4 25. Rh4 a5 26. Rf4+ 1-0

[Event "2. Torneio Aberto do Brasil - Fortaleza"]
[Site "Fortaleza BRA"]
[Date "2012.04.05"]
[Round "1.32"]
[White "Schucman, Rebeca Lot"]
[Black "Borges, Wagner Da Silva"]
[Result "0-1"]
[WhiteElo "1575"]
[BlackElo "2185"]
[PlyCount "92"]
[EventDate "2012.04.05"]
[EventType "swiss"]
[EventRounds "7"]
[EventCountry "BRA"]
[Source "lmi"]
[SourceDate "2012.08.05"]

1. d4 Nf6 2. c4 e6 3. Bg5 Bb4+ 4. Bd2 Be7 5. Nf3 b6 6. g3 Bb7 7. Bg2 O-O 8. O-O
c5 9. dxc5 bxc5 10. Bg5 d6 11. Nc3 Nbd7 12. Qc2 h6 13. Bxf6 Nxf6 14. Rad1 a6
15. e4 Qc7 16. Rfe1 Rab8 17. e5 dxe5 18. Nxe5 Bxg2 19. Kxg2 Qb7+ 20. Kg1 Qxb2
21. Qxb2 Rxb2 22. Nc6 Re8 23. Rb1 Rc2 24. Rbc1 Rxc1 25. Rxc1 Bd6 26. Rd1 Bf8
27. Rb1 Bd6 28. Rb6 Ra8 29. Rb7 g5 30. Kg2 g4 31. f3 gxf3+ 32. Kxf3 Kf8 33. Ne4
Nxe4 34. Kxe4 Ke8 35. Ne5 f5+ 36. Kf4 Rb8 37. Rh7 Rb4 38. Rh8+ Ke7 39. Rh7+ Kf8
40. Rxh6 Rxc4+ 41. Kg5 Bxe5 42. Rxe6 Bd4 43. Rxa6 Rc2 44. Kxf5 Rxh2 45. a4 Rc2
46. a5 c4 0-1

[Event "2. Torneio Aberto do Brasil - Fortaleza"]
[Site "Fortaleza BRA"]
[Date "2012.04.05"]
[Round "1.33"]
[White "Santiago, Bruno M F"]
[Black "Nogueira, Jorge Da Silva"]
[Result "1-0"]
[WhiteElo "2167"]
[BlackElo "1554"]
[PlyCount "49"]
[EventDate "2012.04.05"]
[EventType "swiss"]
[EventRounds "7"]
[EventCountry "BRA"]
[Source "lmi"]
[SourceDate "2012.08.05"]

1. d4 d5 2. c4 c6 3. Nf3 Nf6 4. Nc3 e6 5. Bg5 Nbd7 6. e3 Bd6 7. Be2 e5 8. dxe5
Nxe5 9. cxd5 cxd5 10. Bxf6 gxf6 11. Qxd5 Qc7 12. Nd4 a6 13. Qe4 Bd7 14. f4 f5
15. Nxf5 Bxf5 16. Qxf5 Ng6 17. Nd5 Qc6 18. O-O Ne7 19. Nf6+ Kf8 20. Nxh7+ Kg7
21. Qf6+ Kxh7 22. Qxf7+ Kh6 23. Rf3 Qd7 24. Rg3 Rag8 25. Qh5# 1-0

[Event "2. Torneio Aberto do Brasil - Fortaleza"]
[Site "Fortaleza BRA"]
[Date "2012.04.05"]
[Round "1.34"]
[White "Alves, Sidney David"]
[Black "Baeta, Marcio Netto"]
[Result "0-1"]
[WhiteElo "1512"]
[BlackElo "2154"]
[PlyCount "44"]
[EventDate "2012.04.05"]
[EventType "swiss"]
[EventRounds "7"]
[EventCountry "BRA"]
[Source "lmi"]
[SourceDate "2012.08.05"]

1. d4 Nf6 2. c4 c5 3. d5 b5 4. cxb5 a6 5. bxa6 Bxa6 6. Nc3 g6 7. Nf3 Bg7 8. g3
O-O 9. Bg2 d6 10. O-O Ng4 11. h3 Ne5 12. Nxe5 Bxe5 13. Rb1 Nd7 14. Qc2 Qa5 15.
Bd2 Rfb8 16. a3 Bc4 17. Ne4 Qa6 18. Bc3 Bxe2 19. Bxe5 Nxe5 20. Nc3 Bd3 21. Qd2
Bxf1 22. Bxf1 Nf3+ 0-1

[Event "2. Torneio Aberto do Brasil - Fortaleza"]
[Site "Fortaleza BRA"]
[Date "2012.04.05"]
[Round "1.35"]
[White "Fernandes Filho, Bergson Fragos"]
[Black "De Albuquerque Junior, Wellington Sampaio"]
[Result "0-1"]
[WhiteElo "2147"]
[BlackElo "2098"]
[PlyCount "98"]
[EventDate "2012.04.05"]
[EventType "swiss"]
[EventRounds "7"]
[EventCountry "BRA"]
[Source "lmi"]
[SourceDate "2012.08.05"]

1. e4 c5 2. Nf3 d6 3. c3 Nf6 4. Bc4 Nc6 5. Qe2 Bg4 6. d3 e6 7. Bf4 Be7 8. h3
Bxf3 9. Qxf3 O-O 10. O-O Qb6 11. Bb3 Na5 12. Nd2 Nxb3 13. axb3 Rfd8 14. Rfd1 a6
15. Be3 Qb5 16. Bg5 h6 17. Bh4 Rac8 18. g4 Rd7 19. Bg3 Nh7 20. Qe2 e5 21. Ra3
Ng5 22. Kh2 Ne6 23. Nc4 Bg5 24. Ne3 Bxe3 25. fxe3 Re8 26. Be1 Qc6 27. c4 Rdd8
28. Rda1 Rf8 29. b4 Rd7 30. Ra5 cxb4 31. Bxb4 Nc5 32. Rf1 b6 33. Raa1 a5 34.
Bc3 Rb7 35. Rac1 b5 36. Be1 Rfb8 37. cxb5 Qxb5 38. Bc3 Nxe4 39. Qd1 Nxc3 40.
bxc3 a4 41. Rf2 a3 42. Ra1 Ra7 43. Kg3 Qc5 44. Qc1 Rb3 45. Rc2 Rc7 46. Kf3 Qd5+
47. Kf2 Qxd3 48. Qd1 Qe4 49. Re2 Rcxc3 0-1

[Event "2. Torneio Aberto do Brasil - Fortaleza"]
[Site "Fortaleza BRA"]
[Date "2012.04.05"]
[Round "1.36"]
[White "Cunha, Adriano De Jesus Si"]
[Black "Lu, Jose Silvio Bezerra"]
[Result "0-1"]
[WhiteElo "2040"]
[BlackElo "2145"]
[PlyCount "66"]
[EventDate "2012.04.05"]
[EventType "swiss"]
[EventRounds "7"]
[EventCountry "BRA"]
[Source "lmi"]
[SourceDate "2012.08.05"]

1. e4 c6 2. Nf3 d5 3. exd5 cxd5 4. d4 Nc6 5. Be2 Bf5 6. c3 Nf6 7. Bf4 e6 8.
Nbd2 Bd6 9. Bxd6 Qxd6 10. O-O O-O 11. Re1 Qf4 12. Nf1 a6 13. Ng3 Bg6 14. Bd3
Nd7 15. Bxg6 hxg6 16. Qd3 b5 17. a4 bxa4 18. Rxa4 Nc5 19. dxc5 Qxa4 20. b4 Qb5
21. Qd2 a5 22. Qf4 axb4 23. Ng5 Qc4 24. Qd6 Qxc3 25. Rf1 Nd4 26. h4 Rad8 27.
Qe7 Rc8 28. h5 Qxc5 29. Qb7 gxh5 30. Nxh5 Ne2+ 31. Kh1 Qc6 32. Qxb4 Qc4 33. Qb1
Qh4+ 0-1

[Event "2. Torneio Aberto do Brasil - Fortaleza"]
[Site "Fortaleza BRA"]
[Date "2012.04.05"]
[Round "1.37"]
[White "Luz, Edmundo Reis"]
[Black "Zimmermann, Kleber Renato Pere"]
[Result "1-0"]
[WhiteElo "2134"]
[BlackElo "1953"]
[PlyCount "74"]
[EventDate "2012.04.05"]
[EventType "swiss"]
[EventRounds "7"]
[EventCountry "BRA"]
[Source "lmi"]
[SourceDate "2012.08.05"]

1. e4 c5 2. Nc3 e6 3. g3 Be7 4. Bg2 d6 5. Nge2 Nf6 6. O-O Nc6 7. d3 O-O 8. f4
a6 9. h3 Qc7 10. g4 Rb8 11. Ng3 Nd7 12. g5 Qd8 13. Be3 Nd4 14. Qd2 b5 15. f5 b4
16. Nd1 Bb7 17. Nf2 Ne5 18. Ng4 exf5 19. Nxe5 dxe5 20. exf5 Bxg2 21. Kxg2 Qd5+
22. Ne4 f6 23. c4 Qd7 24. gxf6 Bxf6 25. Nxc5 Qc6+ 26. Ne4 Bh4 27. Bxd4 exd4 28.
Qf4 Be7 29. Kh2 Rbe8 30. Rf2 Bd8 31. Qg4 Bc7+ 32. Kg1 Kh8 33. Raf1 Bd8 34. Qh5
Rxe4 35. dxe4 Qxe4 36. Qg4 Qe5 37. Re2 Qc5 1-0

[Event "2. Torneio Aberto do Brasil - Fortaleza"]
[Site "Fortaleza BRA"]
[Date "2012.04.05"]
[Round "1.38"]
[White "Mateus, Janete De Alcantara"]
[Black "Pinto, Carlos Henrique Lop"]
[Result "0-1"]
[WhiteElo "1888"]
[BlackElo "2124"]
[PlyCount "64"]
[EventDate "2012.04.05"]
[EventType "swiss"]
[EventRounds "7"]
[EventCountry "BRA"]
[Source "lmi"]
[SourceDate "2012.08.05"]

1. d4 g6 2. c4 Bg7 3. Nc3 c5 4. Nf3 cxd4 5. Nxd4 Nc6 6. Nxc6 bxc6 7. Qc2 Ba6 8.
e4 c5 9. Bf4 d6 10. Be2 Qd7 11. O-O Nh6 12. Rfd1 O-O 13. Nd5 Rab8 14. b3 Bb7
15. e5 Bxd5 16. Rxd5 Nf5 17. Rad1 Nd4 18. Qd3 Qe6 19. Bg3 f6 20. Rxd4 cxd4 21.
Bf3 Qd7 22. exd6 e5 23. c5 Rfc8 24. Qc4+ Kh8 25. Rc1 Bh6 26. Rc2 a5 27. a3 Bf8
28. Qd3 Qe6 29. Rc4 a4 30. Bd1 axb3 31. Bxb3 Rxc5 32. h3 Rxb3 0-1

[Event "2. Torneio Aberto do Brasil - Fortaleza"]
[Site "Fortaleza BRA"]
[Date "2012.04.05"]
[Round "1.39"]
[White "Maia, Jose Eduardo Bastos"]
[Black "Lemos, Dawton Almino"]
[Result "1/2-1/2"]
[WhiteElo "2124"]
[BlackElo "1887"]
[PlyCount "40"]
[EventDate "2012.04.05"]
[EventType "swiss"]
[EventRounds "7"]
[EventCountry "BRA"]
[Source "lmi"]
[SourceDate "2012.08.05"]

1. d4 Nf6 2. Nf3 g6 3. c4 Bg7 4. Nc3 O-O 5. e4 d6 6. Be2 e5 7. dxe5 dxe5 8.
Qxd8 Rxd8 9. Bg5 c6 10. Nxe5 Re8 11. O-O-O Nxe4 12. Nxe4 Bxe5 13. Nd6 Bxb2+ 14.
Kd2 Rxe2+ 15. Kxe2 Be6 16. Rd2 Be5 17. f4 Bxd6 18. Rxd6 Bxc4+ 19. Kf2 Na6 20.
Rhd1 Bd5 1/2-1/2

[Event "2. Torneio Aberto do Brasil - Fortaleza"]
[Site "Fortaleza BRA"]
[Date "2012.04.05"]
[Round "1.40"]
[White "Amancio, Arnaldo Regis"]
[Black "Ribeiro, Matheus Cavalcante"]
[Result "0-1"]
[WhiteElo "1884"]
[BlackElo "2121"]
[PlyCount "81"]
[EventDate "2012.04.05"]
[EventType "swiss"]
[EventRounds "7"]
[EventCountry "BRA"]
[Source "lmi"]
[SourceDate "2012.08.05"]

1. Nf3 Nf6 2. d4 e6 3. c4 b6 4. g3 Ba6 5. b3 c5 6. Bg2 Bb7 7. Bb2 cxd4 8. Bxd4
Bb4+ 9. Bc3 Qe7 10. O-O O-O 11. a3 Bxc3 12. Nxc3 Na6 13. Qd4 Nc5 14. Rab1 Nce4
15. Nxe4 Bxe4 16. Ra1 d5 17. cxd5 Rfd8 18. b4 Rxd5 19. Qe3 Rad8 20. Rac1 Qb7
21. Qc3 Qa6 22. Rfe1 Qa4 23. h3 h6 24. Kh2 a5 25. Ne5 Bxg2 26. Kxg2 axb4 27.
axb4 Qa8 28. Kg1 Qb7 29. Nd3 Rh5 30. Nf4 Rb5 31. Nd3 Qe4 32. Qc6 Qxc6 33. Rxc6
Rd4 34. Rb1 g5 35. Rc8+ Kh7 36. Rc7 g4 37. Nf4 Rd7 38. Rxd7 Nxd7 39. Ng2 Ne5
40. Ne3 Nc6 41. Nc2 0-1

[Event "2. Torneio Aberto do Brasil - Fortaleza"]
[Site "Fortaleza BRA"]
[Date "2012.04.05"]
[Round "1.41"]
[White "Okamura, Milton Kasuo"]
[Black "Vescovi Filho, Giovanni"]
[Result "1-0"]
[WhiteElo "2118"]
[BlackElo "1883"]
[PlyCount "55"]
[EventDate "2012.04.05"]
[EventType "swiss"]
[EventRounds "7"]
[EventCountry "BRA"]
[Source "lmi"]
[SourceDate "2012.08.05"]

1. d4 d5 2. c4 c6 3. Nf3 Nf6 4. Nc3 Bg4 5. Ne5 Nbd7 6. Nxg4 Nxg4 7. cxd5 cxd5
8. Nxd5 Qa5+ 9. Nc3 Qf5 10. f3 Ngf6 11. e4 Qa5 12. Bb5 a6 13. Ba4 b5 14. Bb3
Rc8 15. O-O e6 16. Qd3 Bb4 17. Bd2 Bxc3 18. Bxc3 Qb6 19. Kh1 O-O 20. Qd2 Rc6
21. Rfd1 Rd8 22. Ba5 Qb8 23. Bxd8 Qxd8 24. Rac1 Rxc1 25. Rxc1 Nf8 26. d5 Qd6
27. Qd4 exd5 28. e5 1-0

[Event "2. Torneio Aberto do Brasil - Fortaleza"]
[Site "Fortaleza BRA"]
[Date "2012.04.05"]
[Round "1.42"]
[White "Sampaio, Leonardo Ribeiro"]
[Black "Oliveira, Fernando Ventura"]
[Result "0-1"]
[WhiteElo "1882"]
[BlackElo "2113"]
[PlyCount "84"]
[EventDate "2012.04.05"]
[EventType "swiss"]
[EventRounds "7"]
[EventCountry "BRA"]
[Source "lmi"]
[SourceDate "2012.08.05"]

1. d4 d5 2. c4 e6 3. Nf3 c6 4. g3 f5 5. Bg2 Nf6 6. Qc2 Bd6 7. O-O O-O 8. Ne1
Bd7 9. Nd3 Be8 10. Bf4 Bxf4 11. Nxf4 Qd7 12. Nd2 g5 13. Nd3 Qg7 14. Nf3 Nbd7
15. e3 h6 16. b4 Bg6 17. Nfe5 Bh7 18. f4 Ng4 19. Rfe1 Ndxe5 20. Nxe5 h5 21. Nf3
gxf4 22. exf4 Rae8 23. Rad1 Nf6 24. b5 Ne4 25. a4 Rc8 26. c5 b6 27. bxc6 bxc5
28. Ne5 c4 29. Rb1 Rc7 30. Rb2 Rfc8 31. a5 Bg6 32. Reb1 Be8 33. Rb8 Nd6 34. Qa4
Bxc6 35. Rxc8+ Rxc8 36. Nxc6 Qd7 37. Ne7+ Qxe7 38. a6 Qg7 39. Kh1 c3 40. Rc1
Rc4 41. Qa5 Qc7 42. Qa3 Nb5 0-1

[Event "2. Torneio Aberto do Brasil - Fortaleza"]
[Site "Fortaleza BRA"]
[Date "2012.04.05"]
[Round "1.43"]
[White "De Oliveira, Aquiles Machado"]
[Black "Freitas, Marcos Antonio Da C"]
[Result "1-0"]
[WhiteElo "2096"]
[BlackElo "1880"]
[PlyCount "75"]
[EventDate "2012.04.05"]
[EventType "swiss"]
[EventRounds "7"]
[EventCountry "BRA"]
[Source "lmi"]
[SourceDate "2012.08.05"]

1. Nc3 c5 2. e4 Nc6 3. Nf3 d6 4. d4 cxd4 5. Nxd4 Nf6 6. Bc4 e6 7. Bb3 Be7 8.
Be3 a6 9. f4 Qc7 10. Qf3 Bd7 11. O-O-O Rc8 12. f5 e5 13. Ne6 Bxe6 14. fxe6 fxe6
15. Bxe6 Rd8 16. Nd5 Qa5 17. Bb6 Qa4 18. Nc7+ Kf8 19. Bb3 Qxe4 20. Ne6+ Ke8 21.
Nxg7+ Kf8 22. Ne6+ Ke8 23. Nc7+ Kf8 24. Qxe4 Nxe4 25. Rhf1+ Kg7 26. Ne6+ Kg6
27. Nxd8 Bg5+ 28. Kb1 Nxd8 29. Ba5 Be7 30. Bc7 b5 31. c3 Nc5 32. Bc2+ Kg7 33.
Bxd6 Bxd6 34. Rxd6 Ndb7 35. Rd5 Re8 36. b4 Na4 37. Bxa4 bxa4 38. Rd7+ 1-0

[Event "2. Torneio Aberto do Brasil - Fortaleza"]
[Site "Fortaleza BRA"]
[Date "2012.04.05"]
[Round "1.45"]
[White "Fonseca, Luis Ernesto Serra "]
[Black "Moro, Antonio Renato Pere"]
[Result "1-0"]
[WhiteElo "2078"]
[BlackElo "1832"]
[PlyCount "87"]
[EventDate "2012.04.05"]
[EventType "swiss"]
[EventRounds "7"]
[EventCountry "BRA"]
[Source "lmi"]
[SourceDate "2012.08.05"]

1. e4 g6 2. Nf3 Bg7 3. d4 d6 4. Bc4 c6 5. O-O Nf6 6. Qe2 d5 7. exd5 cxd5 8. Bb3
O-O 9. Ne5 Nc6 10. Rd1 e6 11. f4 Bd7 12. c3 b5 13. Nxd7 Qxd7 14. Qxb5 Rfc8 15.
Nd2 Rab8 16. Qe2 Qc7 17. Nf3 Ne4 18. Ne5 Na5 19. Bc2 f5 20. Ba4 Bxe5 21. dxe5
Nc4 22. Rd4 Qb6 23. Bb3 Na5 24. Kf1 Qc7 25. Qc2 Rb7 26. Be3 Nc6 27. Rdd1 a5 28.
Rac1 Rcb8 29. c4 Nb4 30. Qe2 Nxa2 31. Bxa2 Rxb2 32. cxd5 Nc3 33. d6 Qd7 34. Qc4
Nxa2 35. Ra1 Rc8 36. Qd4 Rcc2 37. Rd2 Qb5+ 38. Kg1 Rxd2 39. Bxd2 Rb1+ 40. Rxb1
Qxb1+ 41. Kf2 Nb4 42. Bxb4 axb4 43. d7 Qc2+ 44. Kg3 1-0

[Event "2. Torneio Aberto do Brasil - Fortaleza"]
[Site "Fortaleza BRA"]
[Date "2012.04.05"]
[Round "1.46"]
[White "Cunha, Rafael Fernandes"]
[Black "De Souza, Arthur Olintho"]
[Result "0-1"]
[WhiteElo "1827"]
[BlackElo "2076"]
[PlyCount "64"]
[EventDate "2012.04.05"]
[EventType "swiss"]
[EventRounds "7"]
[EventCountry "BRA"]
[Source "lmi"]
[SourceDate "2012.08.05"]

1. c4 c5 2. Nc3 Nc6 3. Nf3 e5 4. e3 g6 5. d4 exd4 6. exd4 Bg7 7. d5 Ne5 8. Be2
d6 9. O-O Ne7 10. Bg5 h6 11. Bh4 O-O 12. Nd2 g5 13. Bg3 Nf5 14. Nde4 Nxg3 15.
Nxg3 f5 16. Nh5 f4 17. Nxg7 Kxg7 18. a3 g4 19. Kh1 Qh4 20. g3 Qh3 21. gxf4 Rxf4
22. b3 Qxc3 23. Rc1 Qd4 24. Qe1 Bf5 25. f3 Re8 26. Qg3 Nd3 27. Bxd3 Bxd3 28.
Rfd1 Rxf3 29. Qxd6 Qe4 30. Kg1 Qe3+ 31. Kh1 Be4 32. Qd7+ Rf7# 0-1

[Event "2. Torneio Aberto do Brasil - Fortaleza"]
[Site "Fortaleza BRA"]
[Date "2012.04.05"]
[Round "1.47"]
[White "Macedo, Maximo Valerio"]
[Black "Arpon, Rodrigo Tobias Lana"]
[Result "1-0"]
[WhiteElo "2070"]
[BlackElo "1825"]
[PlyCount "93"]
[EventDate "2012.04.05"]
[EventType "swiss"]
[EventRounds "7"]
[EventCountry "BRA"]
[Source "lmi"]
[SourceDate "2012.08.05"]

1. e4 g6 2. d4 Bg7 3. f4 d6 4. Nc3 c6 5. Be3 Qc7 6. Qd2 Nd7 7. Nf3 e6 8. O-O-O
d5 9. e5 Qa5 10. Kb1 b5 11. Nxb5 Qxd2 12. Nd6+ Kf8 13. Bxd2 h6 14. Bb4 Ne7 15.
Bd3 a5 16. Ba3 Kg8 17. g4 Ba6 18. f5 Bf8 19. Bxa6 exf5 20. Be2 fxg4 21. Nd2 h5
22. Rdf1 Rh7 23. Nb3 a4 24. Nc5 Nxc5 25. Bxc5 Nc8 26. Nxc8 Bxc5 27. dxc5 Rxc8
28. Rf6 Re8 29. Rxc6 Rxe5 30. Bb5 h4 31. Rc8+ Kg7 32. Re8 Rhh5 33. Rxe5 Rxe5
34. Bxa4 g3 35. hxg3 hxg3 36. b4 f5 37. c6 Re7 38. b5 f4 39. Rg1 Re1+ 40. Rxe1
f3 41. c7 f2 42. Rc1 g2 43. c8=Q f1=Q 44. Qd7+ Kf8 45. Qd6+ Kg7 46. Qg3 d4 47.
b6 1-0

[Event "2. Torneio Aberto do Brasil - Fortaleza"]
[Site "Fortaleza BRA"]
[Date "2012.04.05"]
[Round "1.48"]
[White "Correia, Aristoteles De Jesu"]
[Black "Fiaes, Mario Henrique Andr"]
[Result "0-1"]
[WhiteElo "1817"]
[BlackElo "2069"]
[PlyCount "40"]
[EventDate "2012.04.05"]
[EventType "swiss"]
[EventRounds "7"]
[EventCountry "BRA"]
[Source "lmi"]
[SourceDate "2012.08.05"]

1. e4 c5 2. Nf3 e6 3. d4 cxd4 4. Nxd4 a6 5. Nc3 Qc7 6. Be2 Nf6 7. O-O Nc6 8.
Nf3 b5 9. Bd3 Bb7 10. a3 Be7 11. Ne2 O-O 12. b4 Ne5 13. Nxe5 Qxe5 14. Bf4 Qh5
15. Ng3 Qxd1 16. Rfxd1 Rfc8 17. Rac1 d5 18. e5 Nd7 19. Ne2 h5 20. Nd4 g5 0-1

[Event "2. Torneio Aberto do Brasil - Fortaleza"]
[Site "Fortaleza BRA"]
[Date "2012.04.05"]
[Round "1.50"]
[White "Da Silva, Alexandre Mota"]
[Black "Azevedo Junior, Jose Ferreira"]
[Result "1-0"]
[WhiteElo "1809"]
[BlackElo "2059"]
[PlyCount "84"]
[EventDate "2012.04.05"]
[EventType "swiss"]
[EventRounds "7"]
[EventCountry "BRA"]
[Source "lmi"]
[SourceDate "2012.08.05"]

1. d4 d5 2. Nf3 Nf6 3. c4 c6 4. Nc3 e6 5. Bg5 Nbd7 6. e3 Qa5 7. Bd3 Ne4 8. Bxe4
dxe4 9. Ne5 Bb4 10. Qd2 O-O 11. Nxd7 Bxd7 12. Bf4 f5 13. a3 Qa6 14. O-O Be7 15.
c5 Be8 16. b4 b6 17. a4 Qb7 18. Rfb1 Bf7 19. Qe2 a6 20. cxb6 Qxb6 21. a5 Qd8
22. Na4 Bd6 23. Nb6 Ra7 24. Bxd6 Qxd6 25. Nc4 Qd5 26. Ne5 Rb8 27. Rb2 Rb5 28.
Rc1 Be8 29. Rc5 Qd6 30. Qc4 Rc7 31. Rc2 Rcb7 32. Nxc6 Bxc6 33. Rxc6 Rxb4 34.
Rc8+ Kf7 35. Qe2 Rb1+ 36. Rc1 g6 37. g3 Qa3 38. Qc2 Rxc1+ 39. Qxc1 Qxc1+ 40.
Rxc1 Rb5 41. Ra1 Ke7 42. Kg2 Kd6 1-0

[Event "2. Torneio Aberto do Brasil - Fortaleza"]
[Site "Fortaleza BRA"]
[Date "2012.04.05"]
[Round "1.51"]
[White "Lima Neto, Pedro"]
[Black "Chaves, Augustino Lima"]
[Result "1-0"]
[WhiteElo "2058"]
[BlackElo "1795"]
[PlyCount "53"]
[EventDate "2012.04.05"]
[EventType "swiss"]
[EventRounds "7"]
[EventCountry "BRA"]
[Source "lmi"]
[SourceDate "2012.08.05"]

1. d4 Nf6 2. c4 e6 3. g3 c5 4. d5 exd5 5. cxd5 d6 6. Bg2 g6 7. Nc3 Bg7 8. Nf3
O-O 9. O-O a6 10. a4 Re8 11. Nd2 Nbd7 12. h3 Rb8 13. Nc4 Ne5 14. Na3 Qc7 15. f4
Ned7 16. e4 c4 17. Be3 Nc5 18. e5 dxe5 19. d6 Qa5 20. Nxc4 Qb4 21. Nxe5 Nfd7
22. Nd5 Qxb2 23. Ne7+ Kf8 24. Qd5 Qb3 25. Nxd7+ Bxd7 26. Bxc5 Qxd5 27. Bxd5 1-0

[Event "2. Torneio Aberto do Brasil - Fortaleza"]
[Site "Fortaleza BRA"]
[Date "2012.04.05"]
[Round "1.53"]
[White "Lima Filho, Gilberto Faco"]
[Black "De Souza, Gutemberg Magalhaes"]
[Result "1-0"]
[WhiteElo "2056"]
[BlackElo "1787"]
[PlyCount "106"]
[EventDate "2012.04.05"]
[EventType "swiss"]
[EventRounds "7"]
[EventCountry "BRA"]
[Source "lmi"]
[SourceDate "2012.08.05"]

1. e4 c5 2. Nf3 Nc6 3. d4 cxd4 4. Nxd4 g6 5. Be3 Bg7 6. Nc3 Nf6 7. f3 d6 8. Qd2
Bd7 9. Bc4 Rc8 10. Bb3 Ne5 11. h4 h5 12. O-O-O Nc4 13. Bxc4 Rxc4 14. Kb1 Qa5
15. Nb3 Qc7 16. Bd4 b5 17. Bxf6 Bxf6 18. Nd5 Qb8 19. Nxf6+ exf6 20. Qxd6 Qxd6
21. Rxd6 Ke7 22. Rhd1 Be6 23. Na5 Ra4 24. Nc6+ Kf8 25. b3 Ra6 26. Rd8+ Kg7 27.
Rxh8 Kxh8 28. Rd8+ Kg7 29. Nb4 Rb6 30. Ra8 Rb7 31. Nc6 Rd7 32. Nxa7 Rd2 33.
Nxb5 Rxg2 34. a4 g5 35. Rd8 gxh4 36. Rd1 h3 37. Rh1 h2 38. Kb2 f5 39. a5 fxe4
40. fxe4 Bc8 41. Nd6 Ba6 42. Kc3 Kf6 43. b4 Ke6 44. b5 Kxd6 45. bxa6 Kc6 46.
Kd4 Rg5 47. Rxh2 Rxa5 48. a7 Rxa7 49. Rxh5 Rd7+ 50. Kc4 Rd6 51. Rc5+ Kd7 52.
Rd5 Ke6 53. Rxd6+ Kxd6 1-0